| 000 | 00495nam a2200121Ia 4500 | ||
|---|---|---|---|
| 008 | 220620s9999||||xx |||||||||||||| ||und|| | ||
| 100 | _aAdel El-Shahat | ||
| 245 | 0 | _aAdvanced Applications for Artificial Neural Networks | |
| 546 | _aEnglish[eng] | ||
| 650 | _aPhysical Sciences||Engineering and Technology||Neural Network||Computer and Information Science||Artificial Intelligence | ||
| 856 | _uhttps://www.intechopen.com/books/advanced-applications-for-artificial-neural-networks | ||
| 942 | _cEB | ||
| 999 |
_c31849 _d31849 |
||